| 000 | 01058nam a2200313 i 4500 | ||
|---|---|---|---|
| 001 | 000048326 | ||
| 003 | DO-SdBNP | ||
| 005 | 20250527113226.0 | ||
| 007 | ta | ||
| 008 | 190130s2018 dr r 000 0 spa d | ||
| 020 | _a9781721085941 | ||
| 040 |
_aDO-SdBNP _bspa _cBNPHU _erda |
||
| 082 | 4 |
_a923.37293 _bV168s _222 |
|
| 100 | 1 |
_aValette, Linda _975747 |
|
| 245 | 1 | 0 |
_aSer mujer en un mundo de hombres / _cLinda Valette ; cuidado edición José M. Fernández. |
| 264 |
_aMiami, Florida : _bK ediciones, _c2018. |
||
| 300 |
_a117 páginas ; _c23 cm. |
||
| 336 |
_2rdacontent _atexto _btxt |
||
| 337 |
_2rdamedia _asin mediación _bn |
||
| 338 |
_2rdacarrier _avolumen _bnc |
||
| 500 | _aIncluye datos biográficos de la autora en la contracubierta | ||
| 590 | _aInventariado, 2019/BT | ||
| 600 | 1 | 4 |
_aValette, Linda _975747 |
| 650 | 4 |
_aEconomistas dominicanos _vBiografías _983849 |
|
| 650 | 0 |
_aAdministración industrial _95872 |
|
| 700 | 1 |
_aFernández, José M., _eedición _933436 |
|
| 910 | _aValidado. Control de calidad MFF | ||
| 942 |
_2ddc _cLBS1 |
||
| 999 |
_c47814 _d47814 |
||